000 00797nam a22001577a 4500
003 OSt
005 20190904144149.0
008 190904b xxu||||| |||| 00| 0 eng d
040 _cRUA
082 _aAGR LAM 2017 B646 Or.1
100 _913908
_aLAM BUNSENG ឡាំ ប៊ុនសេង
245 _aefficacy of trichoderma species to control southern blight ( Sclerotium rolfsii) ON mung bean ប្រសិទ្ធភាពនៃប្រភេទផ្សិតជីវសាស្ត្ត្រទ្រីកូឌឺម៉ា Trichoderma spp.​ការព្យាបាលជំងឺផ្សិតរលាកគល់ ( Sclerotium rolfsii) លើដំណាំសណ្តែកបាយ
260 _aRUA
_bphnom penh
_c2017
300 _ax;38p
_bill;
_c29cm
942 _2ddc
_cAGR
999 _c18234
_d18234